Antropología del imaginario

Uloženo v:
Podrobná bibliografie
Hlavní autor: Wunenburger, Jean-Jacques (Autor)
Médium: Kniha
Jazyk:španělština
Vydáno: Buenos Aires Ediciones Del Sol 2008
Vydání:1a. ed
Edice:Antropológica
Témata:
Tagy: Přidat tag
Žádné tagy, Buďte první, kdo vytvoří štítek k tomuto záznamu!

MARC

LEADER 00000nam a2200000 a 4500
001 UCG3825
003 CL-VaPUC
008 100916e20080000AG |||||||||||||||||spa|d
020 |a 9789876324014 
082 0 4 |a 844  |b WUN  |2 21 
100 0 |a Wunenburger, Jean-Jacques  |e author  |9 553115 
245 1 0 |a Antropología del imaginario 
250 |a 1a. ed 
300 |a 163 p 
942 |c BK 
945 |d 20100916 00:00:00  |a mfarfan 
260 |a Buenos Aires  |b Ediciones Del Sol  |c 2008 
650 0 |a Ensayos  |9 268724 
650 0 |a Antropología   |9 233030 
650 7 |a IMAGINARIO  |2 CL-VaPUC  |9 553116 
583 |a last modification  |c 20100916 00:00:00  |k Rodrigo Vera 
490 0 |a Antropológica 
999 |c 342797  |d 342795 
952 |0 0  |1 0  |4 0  |6 844_000000000000000_WUN_2008  |7 0  |8 X  |9 439332  |a FDOMLP  |b FDOMLP  |d 2019-11-22  |i 472013K  |o 844 WUN 2008  |p 472013K  |r 2019-11-22  |w 2019-11-22  |y BK_X  |k BU2